স্ট্র্যাটেজিক মাইন্ডসেট: (Record no. 14126)
[ view plain ]
| 000 -LEADER | |
|---|---|
| fixed length control field | 00908nam a2200241 a 4500 |
| 001 - CONTROL NUMBER | |
| JCCL Control Number | 14126 |
| 003 - CONTROL NUMBER IDENTIFIER | |
| JCCL marc code | BD-JhCC |
| 005 - DATE AND TIME OF LATEST TRANSACTION | |
| control field | 20241230090830.0 |
| 008 - FIXED-LENGTH DATA ELEMENTS--GENERAL INFORMATION | |
| fixed length control field | 241212b2023 b |||| ||a| 000 0 b d |
| 020 ## - INTERNATIONAL STANDARD BOOK NUMBER | |
| International Standard Book Number | 9789848004205 |
| 035 ## - SYSTEM CONTROL NUMBER | |
| system control number | (BD-JhCC)14126 |
| 040 ## - CATALOGING SOURCE | |
| Original cataloging agency | BD-JhCC |
| Modifying agency | BD-JhCC |
| 041 ## - LANGUAGE CODE | |
| Language code of Book | bengali |
| 082 ## - DEWEY DECIMAL CLASSIFICATION NUMBER | |
| Classification number | 158 |
| Author mark and Year | MEU 2023 |
| 100 ## - MAIN ENTRY--PERSONAL NAME | |
| Personal name | মিউরিস,থিবাউট |
| 245 ## - TITLE STATEMENT | |
| Title | স্ট্র্যাটেজিক মাইন্ডসেট: |
| Remainder of title | কৌশলের সাথে জীবন-যাপনের ৭ দিনের পরিকল্পনা / |
| Statement of responsibility, etc | থিবাউট মিউরিস,অনু:সাইদুর রহমান । |
| 260 ## - PUBLICATION, DISTRIBUTION, ETC. (IMPRINT) | |
| Place of publication, distribution, etc | ঢাকা: |
| Name of publisher, distributor, etc | অনুভুতি; |
| Date of publication, distribution, etc | 2023. |
| 300 ## - PHYSICAL DESCRIPTION | |
| Pagination | 80 p. : |
| Dimensions | 21 cm. |
| 650 ## - SUBJECT ADDED ENTRY--TOPICAL TERM | |
| Topical term or geographic name as entry element | Self-development and meditation. |
| 700 ## - ADDED ENTRY--PERSONAL NAME | |
| Personal name | রহমান,সাইদুর |
| 942 ## - ADDED ENTRY ELEMENTS (KOHA) | |
| Source of classification or shelving scheme | Dewey Decimal Classification |
| Koha item type | Books |
| Source of classification or shelving scheme | Damaged status | Not for loan | Home library | Current library | Shelving location | Date of accession | Source of acquisition | Cost, normal purchase price | Total Checkouts | Full call number | Barcode | Date last seen | Copy number | Method of acquisition | Koha item type | Currency |
|---|---|---|---|---|---|---|---|---|---|---|---|---|---|---|---|---|
| Dewey Decimal Classification | JCC Rouf Library | JCC Rouf Library | General Stacks | With the compliments of Maj (Retd) Syed Sakhawat Hussain,07/0388/K | 260.00 | 158 MEU 2023 | 19768 | 12/30/2024 | C-1 | Gift/Donation | Books | BDT |